000 00314nam a2200109Ia 4500
008 171211s9999 xx 000 0 und d
245 _aPrescription for Nutritional Healing (3rd edition)
245 _cPhyllis Balch
260 _c2000
650 _xHEALTH
856 _uhttp://down.ebook777.com/017/9781583330777.pdf
999 _c348373
_d348373